000 00302nam a22001217a 4500
008 171222b xxu||||| |||| 00| 0 eng d
041 _aeng
080 _a030
100 _a23
101 _aENC
245 _aTHE ILLUSTRATED SCIENCE AND INVENTION ENCYCLOPEDIA
_cSTUTTMAN.H.D
942 _2udc
_cBK
999 _c39346
_d39346